000 00265nam a2200109Ia 4500
008 200302s9999 xx 000 0 und d
100 _aJohn Spier
245 _aBuilding With Engineered Lumber
260 _bThe taunton press, Newtown
260 _c2006
300 _a119
999 _c4601
_d4601